Travels in india in the Seventeenth Century (Record no. 328747)

000 -LEADER
fixed length control field nam a22 7a 4500
003 - CONTROL NUMBER IDENTIFIER
control field Nust
005 - DATE AND TIME OF LATEST TRANSACTION
control field 20170414174312.0
008 - FIXED-LENGTH DATA ELEMENTS--GENERAL INFORMATION
fixed length control field 170414b xxu||||| |||| 00| 0 eng d
020 ## - INTERNATIONAL STANDARD BOOK NUMBER
International Standard Book Number 81-206-0867-4
040 ## - CATALOGING SOURCE
Transcribing agency DLC
082 ## - DEWEY DECIMAL CLASSIFICATION NUMBER
Classification number 915.4042
Author Mark ROE
245 ## - TITLE STATEMENT
Title Travels in india in the Seventeenth Century
Statement of responsibility, etc. Thomas Roe
260 ## - PUBLICATION, DISTRIBUTION, ETC.
Place of publication, distribution, etc. New Delhi
Name of publisher, distributor, etc. Asain Educational Services
Date of publication, distribution, etc. 1993.
300 ## - PHYSICAL DESCRIPTION
Extent 474p. :
Dimensions 25cm
942 ## - ADDED ENTRY ELEMENTS (KOHA)
Source of classification or shelving scheme
Koha item type Book
Holdings
Withdrawn status Lost status Source of classification or shelving scheme Damaged status Not for loan Permanent Location Current Location Date acquired Total Checkouts Full call number Barcode Date last seen Date last checked out Price effective from Koha item type
          School of Civil and Environmental Engineering (SCEE) School of Civil and Environmental Engineering (SCEE) 04/14/2017 1 915.4042 ROE NIT-9051 10/09/2024 08/29/2023 04/14/2017 Book
© 2023 Central Library, National University of Sciences and Technology. All Rights Reserved.